| 000 | 00767nam a2200193 a 4500 | ||
|---|---|---|---|
| 003 | 0 | ||
| 005 | 20250424151203.0 | ||
| 008 | 050808s19uu xx 00 eng d | ||
| 050 |
_aPHS HQ 784.T4.E35 _b.L44 2005 |
||
| 100 | _aLee, Hayan. | ||
| 245 |
_aThe Effects of the violent lewd music videos or programs of MTV on the behavior of graduating students of SISC / _cHayan Lee. |
||
| 260 |
_aLas PiƱas City, Philippines : _bSouthville International School and Colleges, _c2005. |
||
| 300 |
_a30 pages : _billustrations ; _c28 cm. |
||
| 504 | _aIncludes bibliographical references. | ||
| 650 |
_2Library of Congress Subject Headings _aMusic videos _xPsychological aspects. |
||
| 650 |
_aMass media _xMoral and ethical aspects. |
||
| 942 |
_2lcc _cPASS |
||
| 999 |
_c97263 _d97263 |
||